Letters of intent (Record no. 79099)

MARC details
000 -LEADER
fixed length control field 02105cab a22003015a 4500
001 - CONTROL NUMBER
control field L139836
008 - FIXED-LENGTH DATA ELEMENTS--GENERAL INFORMATION
fixed length control field 070814s2007 xxk f 000 0 eng d
035 ## - SYSTEM CONTROL NUMBER
System control number (Sirsi) u139836
041 0# - LANGUAGE CODE
Language code of text/sound track or separate title eng
100 1# - MAIN ENTRY--PERSONAL NAME
Personal name Needham-Laing, Matthew
245 00 - TITLE STATEMENT
Title Letters of intent
260 ## - PUBLICATION, DISTRIBUTION, ETC.
Date of publication, distribution, etc. 2007
490 #0 - SERIES STATEMENT
Series statement Construction Law Review
Volume/sequential designation 2007, 36-40(4)
520 ## - SUMMARY, ETC.
Summary, etc. Examines the use of letters of intent with reference to key case law. Looks at why letters of intent are used, the three main types of letters of intent, and the principles to be applied to determine if there was a concluded contract. "Emcor Drake and Scull Ltd v Robert McAlpine Ltd" ([2004] EWHC 1017 (TCC), [2004] CILL 2132), "Mowlem plc v Stena Line Ports Ltd" ([2004] EWHC 2060 (TCC)), and "British Steel Corporation v Cleveland Bridge and Engineering Co Ltd" ([1983] BLR 95) are discussed as examples of cases where the courts have found there is a contract in existence of some form or another. Also discusses the situation where a dispute occurs because one of the parties thinks they have entered a contract and the other party disputes the existence of it, as illustrated by "Gurney Consulting Engineers v Pearson Pension Property Fund Ltd" ([2004] EWHC 1916 (TCC). Concludes by highlighting other pitfalls associated with letters of intent and summarising points that should be considered before signing a letter of intent.
590 ## - LOCAL NOTE (RLIN)
Local note KA
650 24 - SUBJECT ADDED ENTRY--TOPICAL TERM
Topical term or geographic name entry element BRITISH STEEL CORPORATION V CLEVELAND BRIDGE AND ENGINEERING CO LTD
650 24 - SUBJECT ADDED ENTRY--TOPICAL TERM
Topical term or geographic name entry element CO-OPERATIVE RETAIL SERVICES V INTERNATIONAL COMPUTERS LTD
650 24 - SUBJECT ADDED ENTRY--TOPICAL TERM
Topical term or geographic name entry element ROSSITER V MILLER
650 24 - SUBJECT ADDED ENTRY--TOPICAL TERM
Topical term or geographic name entry element PAGNAN SPA V FEED PRODUCTS LTD
650 24 - SUBJECT ADDED ENTRY--TOPICAL TERM
Topical term or geographic name entry element EMCOR DRAKE AND SCULL LTD V ROBERT MCALPINE LTD
650 24 - SUBJECT ADDED ENTRY--TOPICAL TERM
Topical term or geographic name entry element MOWLEM PLC V STENA LINE PORTS LTD
650 24 - SUBJECT ADDED ENTRY--TOPICAL TERM
Topical term or geographic name entry element GURNEY CONSULTING ENGINEERS V PEARSON PENSION PROPERTY FUND LTD
650 24 - SUBJECT ADDED ENTRY--TOPICAL TERM
Topical term or geographic name entry element G PERCY TRENTHAM LTD V ARCHITAL LUXFER LTD
650 24 - SUBJECT ADDED ENTRY--TOPICAL TERM
Topical term or geographic name entry element CUNNINGHAM AND OTHERS V COLLETT AND FARMER
651 #4 - SUBJECT ADDED ENTRY--GEOGRAPHIC NAME
Geographic name England and Wales
Chronological subdivision 1543-
690 ## - LOCAL SUBJECT ADDED ENTRY--TOPICAL TERM (OCLC, RLIN)
Topical term or geographic name as entry element BUILT ENVIRONMENT-CONSTRUCTION MANAGEMENT-BUILDING CONTRACT ADMINISTRATION
942 ## - ADDED ENTRY ELEMENTS (KOHA)
Suppress in OPAC 0
Holdings
Withdrawn status Lost status Source of classification or shelving scheme Damaged status Not for loan Home library Current library Shelving location Date acquired Total Checkouts Full call number Barcode Date last seen Copy number Price effective from Koha item type
    Dewey Decimal Classification     London London Journal article 14/08/2007   L139836 139836-1001 06/08/2019 1 06/08/2019 Journal article